Súkromné zjavenia a stigmatizácia z pohľadu Mons. prof. PhDr., ThDr. Alexandra Spesza (1889-1967)

Bibliographic Details
Main Author: Čižmár, Marián (Author)
Format: Article
Language:Slovak
ISSN:1210-1605
Subjects:

MARC

LEADER 00000nab a2200000 a 4500
001 vtls009304834
003 SK-MaSNL
005 20260304153740.0
008 250506c2007 xo qr|p|||||||000 b|slo
015 |a SNBRB2008/06  |2 snkbucl 
035 |a (uuid)7d54d79c-fd44-498b-b2ac-bebf092df3c7 
035 |a urn:nbn:sk:snk-ab9w4c 
035 |a (urnnbn)urn:nbn:sk:snk:ar-a0921j 
038 |a SNKBUCL 
040 |a SNKBUCL  |b slo  |c SNKBUCL  |e AACR2 
041 0 |a slo 
044 |a xo  |c SK 
080 |a 27-587.65  |2 2001 
080 |a 2-587.5  |2 2001 
100 1 |a Čižmár, Marián  |4 aut  |9 298615 
245 1 0 |a Súkromné zjavenia a stigmatizácia z pohľadu Mons. prof. PhDr., ThDr. Alexandra Spesza (1889-1967)  |c Marián Čžmár 
504 |a Bibliogr. odkazy 
600 1 7 |a Spesz, Alexander,  |d 1889-1967  |2 snkbucl  |9 124853 
650 0 7 |a stigmatizácia  |2 snkbucl  |9 1477589 
650 0 7 |a zjavenia  |2 snkbucl  |9 1965 
773 0 |t Verbum  |g Roč. XVIII, č. 2 (2007), s. 41-61  |x 1210-1605 
850 |a Slovenská národná knižnica 
852 |a Slovenská národná knižnica 
954 |a odborná, vedecká literatúra pôvodná (slovenská)  |2 lita 
958 |a article13 
958 |a OND 
958 |a SK 
958 |a NT 
958 |a NB 
958 |a EUIPO 
999 |c 2954823  |d 2956753